Detalles MARC
| 000 -LIDER |
| fixed length control field |
01104nam a22003257a 4500 |
| 001 - NÚMERO DE CONTROL |
| Identificador de número de control |
000672 |
| 003 - IDENTIFICACDOR DE NÚMERO DE CONTROL |
| control field |
DO-SdBNP |
| 005 - DATE AND TIME OF LATEST TRANSACTION |
| control field |
20180208130550.0 |
| 007 - CAMPOS FIJOS DE DESCRIPCIÓN FÍSICA |
| fixed length control field |
000672 |
| 008 - ELEMENTOS DE LONGITUD FIJA |
| fixed length control field |
161109b 2004 mx a ||||| |||| 00| 0 spa d |
| 020 ## - ISBN |
| International Standard Book Number |
9789681909819 |
| 040 ## - FUENTE DE CATALOGACIÓN |
| Agencia que crea de manera original el registro |
BPMSU |
| Idioma de catalogación |
spa |
| Agencia que realiza la transcripción |
BPMSU |
| 082 ## - NÚMERO DE CLASIFICACIÓN DECIMAL DE DEWEY |
| Classification number |
xxxx |
| Item number |
xxxx |
| 100 1# - ASIENTO PRINCIPAL -- NOMBRE PERSONAL |
| Nombre personal |
Janosch |
| 240 10 - TITULO UNIFORME |
| Título uniforme |
Ich mach dich gesund, sagte der Bär. |
| Idioma de una obra |
Español |
| 245 10 - MENCIÓN DE TITULO |
| Título |
Yo te curaré, dijo el pequeño oso / |
| Mención de responsabilidad |
Janosch ; ilustraciones del autor ; traducción, Regino García Badell. |
| 250 ## - MENCIÓN DE EDICION |
| Mención de edición |
6ª reimp. |
| 260 ## - PUBLICACIÓN, DISTRIBUCIÓN, ETC. (PIE DE IMPRENTA) |
| Lugar de publicación, distribución, etc |
México : |
| Nombre del editor, distribuidor, etc. |
Alfaguara, |
| Fecha de publicación, distribución, etc |
2004. |
| Impresor |
2007. |
| 300 ## - DESCRIPCIÓN FÍSICA |
| Extensión |
47 p. : |
| Otros detalles físicos |
il. ; |
| Dimensiones |
19 cm. |
| 490 1# - MENCIÓN DE SERIES |
| Mención de serie |
Alfaguara infantil |
| Campo enlazado y núm. de secuencia |
amarilla |
| 500 ## - NOTA GENERAL |
| Nota general |
Para niños a partir de los 6 años. |
| 500 ## - NOTA GENERAL |
| Nota general |
Sexta reimpresión: julio 2007 |
| 500 ## - NOTA GENERAL |
| Nota general |
Incluye datos de la autora |
| 500 ## - NOTA GENERAL |
| Nota general |
Traducción de: Ich mach dich gesund, sagte der Bär |
| 700 12 - ASIENTO SECUNDARIO -- NOMBRE PERSONAL |
| Nombre personal |
García Badell, Regino, |
| Mención de responsabilidad |
tr. |
| 830 #0 - ASIENTO SECUNDARIO DE SERIE--TÍTULO UNIFORME |
| Título uniforme |
Alfaguara infantil |
| Información miscelánea |
amarilla |
| 942 ## - ADDED ENTRY ELEMENTS (KOHA) |
| Source of classification or shelving scheme |
Dewey Decimal Classification |
| Koha item type |
Libros |
| 945 ## - INFORMACIÓN DE PROCESAMIENTO LOCAL |
| Información de procesamiento local |
Inventariado, 2008/ YL |
| 956 ## - LOCAL ELECTRONIC LOCATION AND ACCESS (OCLC) |
| Método de acceso |
LOPEREZ |
| Materiales especificados |
10 |
| Enlace |
20161109 |
| Campo enlazado y núm. de secuencia |
BPMSU |
| Nombre de host |
00041 |